000
00416nam a2200169Ia 4500
008
090124s9999 xx 000 0 und d
082
_b
103692
100
_a
राजे शैलजा
245
_a
शर्थ
250
_a
1
300
_a
91
600
_a
राजे शैलजा
630
_a
शर्थ
700
_a
राजे शैलजा
730
_a
शर्थ
942
_c
BOOK
999
_c
149784
_d
149784